2nd chance / (Record no. 161)

MARC details
000 -LEADER
fixed length control field 00714nam a22002177a 4500
005 - DATE AND TIME OF LATEST TRANSACTION
control field 20230405015212.0
008 - FIXED-LENGTH DATA ELEMENTS--GENERAL INFORMATION
fixed length control field 221110b |||||||| |||| 00| 0 eng d
020 ## - INTERNATIONAL STANDARD BOOK NUMBER
International Standard Book Number 0-446-61279-0
082 ## - DEWEY DECIMAL CLASSIFICATION NUMBER
Classification number Fic. P296 2002
100 ## - MAIN ENTRY--PERSONAL NAME
Personal name Patterson, James
Relator term author
245 ## - TITLE STATEMENT
Title 2nd chance /
Statement of responsibility, etc. James Patterson; with Andrew Gross
260 ## - PUBLICATION, DISTRIBUTION, ETC.
Place of publication, distribution, etc. New York:
Name of publisher, distributor, etc. Warner Books,
Date of publication, distribution, etc. c2002.
300 ## - PHYSICAL DESCRIPTION
Extent 417p.
490 ## - SERIES STATEMENT
Series statement Women's murder club series; book 2
541 ## - IMMEDIATE SOURCE OF ACQUISITION NOTE
Accession number 5533
650 ## - SUBJECT ADDED ENTRY--TOPICAL TERM
Topical term or geographic name entry element Women detective - California - San Francisco - Fiction
650 ## - SUBJECT ADDED ENTRY--TOPICAL TERM
Topical term or geographic name entry element Female friendship - Fiction
650 ## - SUBJECT ADDED ENTRY--TOPICAL TERM
Topical term or geographic name entry element Mystery stories
650 ## - SUBJECT ADDED ENTRY--TOPICAL TERM
Topical term or geographic name entry element Serial murder investigation- California - San Francisco - Fiction
700 ## - ADDED ENTRY--PERSONAL NAME
Personal name Gross, Andrew
Relator term author
Holdings
Withdrawn status Lost status Source of classification or shelving scheme Damaged status Not for loan Home library Current library Date acquired Total Checkouts Full call number Barcode Date last seen Copy number Price effective from Koha item type
    Dewey Decimal Classification     ctu-moalboal ctu-moalboal 12/03/2019   Fic. P296 2002 5533 11/10/2022 1 11/10/2022 Books-Fiction